La revolución en las matemáticas escolares: segunda fase
Gardado en:
| Main Authors: | , , |
|---|---|
| Formato: | Libro |
| Idioma: | Lingua castelá |
| Publicado: |
Washington, D.C
OEA
1971
|
| Series: | Matemática, 13
|
| Subjects: | |
| Tags: |
Engadir etiqueta
Sen Etiquetas, Sexa o primeiro en etiquetar este rexistro!
|
MARC
| LEADER | 00000nam a2200000 a 4500 | ||
|---|---|---|---|
| 001 | UCT2297 | ||
| 003 | CL-VaPUC | ||
| 008 | 961011e19710000US |||||||||||||||||spa|d | ||
| 082 | 0 | 4 | |a 372.72 |b FEH |2 21 |
| 100 | 0 | |a Fehr, Howard F |e author |9 371339 | |
| 700 | 0 | |a Camp, John |e author |9 371340 | |
| 700 | 0 | |a Kellogg, Howard |e author |9 371341 | |
| 245 | 1 | 3 | |a La revolución en las matemáticas escolares: segunda fase |
| 300 | |a 132 p | ||
| 942 | |c BK | ||
| 945 | |d 19961011 00:00:00 |a paguirre | ||
| 260 | |a Washington, D.C |b OEA |c 1971 | ||
| 650 | 0 | |a Matemática |9 260235 | |
| 650 | 0 | |a Matemáticas |x Enseñanza |9 875527 | |
| 650 | 0 | |a Álgebra |9 259567 | |
| 650 | 0 | |a Geometría |9 264063 | |
| 583 | |a last modification |c 20160602 17:23:22 |k Rodrigo Vera | ||
| 490 | 0 | |a Matemática, 13 | |
| 999 | |c 252459 |d 252457 | ||
| 952 | |0 0 |1 0 |4 0 |6 372_720000000000000_FEH_1971 |7 0 |8 A |9 272333 |a BIBCUR |b BIBCUR |d 2019-11-19 |i 1759760 |o 372.72 FEH 1971 |p 1759760 |r 2025-04-22 |w 2019-11-19 |y BK |k BCB | ||
| 952 | |0 0 |1 0 |4 0 |6 372_720000000000000_FEH_1971 |7 0 |8 A |9 272334 |a BIBCUR |b BIBCUR |d 2019-11-19 |i 1759779 |o 372.72 FEH 1971 |p 1759779 |r 2025-04-22 |w 2019-11-19 |y BK |k BCB | ||
| 952 | |0 0 |1 0 |4 0 |6 372_720000000000000_FEH_1971 |7 0 |8 A |9 272336 |a BIBMAT |b BIBMAT |c E_DIDACT |d 2019-11-19 |i 1491148 |o 372.72 FEH 1971 |p 1491148 |r 2025-01-07 |w 2019-11-19 |y BK |k MAT | ||
| 952 | |0 0 |1 0 |4 0 |6 372_720000000000000_FEH_1971 |7 0 |8 A |9 272337 |a BIBMAT |b BIBMAT |c E_DIDACT |d 2019-11-19 |i 1491199 |o 372.72 FEH 1971 |p 1491199 |r 2025-01-07 |w 2019-11-19 |y BK |k MAT | ||
| 952 | |0 0 |1 0 |4 0 |6 372_720000000000000_FEH_1971 |7 0 |8 A |9 272339 |a BIBMAT |b BIBMAT |c E_DIDACT |d 2019-11-19 |i 1491059 |o 372.72 FEH 1971 |p 1491059 |r 2025-01-07 |w 2019-11-19 |y BK |k MAT | ||